[Event "GRE-chT Online ED & SA 2nd"]
[Site "Tornelo INT"]
[Date "2022.05.15"]
[Round "7"]
[White "Rigatos, Panagiotis"]
[Black "Koutsogoulas, Georgios"]
[Result "0-1"]
[WhiteElo "1793"]
[BlackElo "1624"]
[PlyCount "124"]
[EventDate "2022.05.14"]
[EventType "team-swiss (rapid)"]
[EventRounds "7"]
[EventCountry "GRE"]
[SourceTitle "EXT 2024"]
[Source "ChessBase"]
[SourceDate "2023.10.10"]
[SourceVersion "1"]
[SourceVersionDate "2023.10.10"]
[SourceQuality "1"]

1. e4 c5 2. Nf3 g6 3. Bc4 Nc6 4. 0-0 d6 5. c3 Bg7 6. Re1 Nf6 7. Bb3 0-0 8. h3 b5 9. d4 Bb7 10. Nbd2 a5 11. a4 bxa4 12. Bxa4 cxd4 13. cxd4 Nd7 14. Nc4 Nb6 15. Nxb6 Qxb6 16. Be3 Nb4 17. d5 Qd8 18. Nd4 Rc8 19. Qd2 Bxd4 20. Bxd4 Ba6 21. Qh6 f6 22. h4 Rf7 23. Qd2 Rf8 24. Bc3 Qb6 25. Bd7 Rc7 26. Be6+ Kg7 27. Re3 Bc8 28. Rg3 Bxe6 29. dxe6 Qb5 30. h5 Rc5 31. hxg6 hxg6 32. Qf4 Rh5 33. Qg4 Rh6 34. Rd1 Qh5 35. Qxh5 Rxh5 36. f4 Rfh8 37. Kf2 Rh1 38. Rxh1 Rxh1 39. Bxb4 axb4 40. Rb3 f5 41. e5 dxe5 42. fxe5 Rc1 43. Rxb4 Rc5 44. Rb7 Rxe5 45. Rxe7+ Kf6 46. Re8 Rb5 47. e7 Rxb2+ 48. Kg3 Kf7 49. Rg8 Re2 50. Ra8 Rxe7 51. Kf3 Kf6 52. g4 Rb7 53. gxf5 Rb3+ 54. Kf2 gxf5 55. Ra4 Kg5 56. Ra8 Kg4 57. Ra4+ f4 58. Rc4 Rb2+ 59. Kg1 Kg3 60. Rc1 f3 61. Kf1 Rh2 62. Kg1 f2+ 0-1

[Event "Thessaloniki-Chalkidiki-chT"]
[Site "Thessaloniki"]
[Date "2022.02.20"]
[Round "1"]
[White "Stavrakakis, Vasilios"]
[Black "Koutsogoulas, Georgios"]
[Result "1-0"]
[WhiteElo "2092"]
[BlackElo "1687"]
[PlyCount "107"]
[EventDate "2022.02.20"]
[EventType "team-tourn"]
[EventRounds "7"]
[EventCountry "GRE"]
[SourceTitle "EXT 2024"]
[Source "ChessBase"]
[SourceDate "2023.10.10"]
[SourceVersion "1"]
[SourceVersionDate "2023.10.10"]
[SourceQuality "1"]

1. e4 c5 2. c3 d5 3. exd5 Qxd5 4. d4 Nf6 5. Nf3 Bg4 6. Be2 e6 7. Na3 a6 8. h3 Bh5 9. g4 Bg6 10. Nc4 Nbd7 11. 0-0 Be7 12. Nfe5 Nxe5 13. Nxe5 cxd4 14. cxd4 0-0 15. g5 Ne4 16. Bf3 f6 17. Nxg6 hxg6 18. Qd3 f5 19. Re1 Rad8 20. Bxe4 fxe4 21. Qxe4 Bxg5 22. Qxe6+ Qxe6 23. Rxe6 Bxc1 24. Rxc1 Rxd4 25. Rxg6 Rd2 26. Rc7 Rfxf2 27. Rcxg7+ Kf8 28. Rg2 Rf3 29. Rxd2 Kxg7 30. Rd7+ Kf6 31. Kg2 Re3 32. Rxb7 Kf5 33. Rb3 Re6 34. Rf3+ Kg5 35. Kg3 Re2 36. h4+ Kh5 37. Rf5+ Kg6 38. Rg5+ Kh6 39. Ra5 Rxb2 40. Rxa6+ Kh5 41. Ra5+ Kg6 42. h5+ Kh6 43. Kf4 Re2 44. a4 Re1 45. Rb5 Re2 46. a5 Re1 47. Re5 Ra1 48. Ke4 Kg7 49. Kd4 Kf6 50. Rb5 Rh1 51. a6 Rh4+ 52. Kc5 Rxh5+ 53. Kc6 Rh1 54. a7 1-0